000 00580nam a2200193Ia 4500
003 GCL
008 140319s9999 xx 000 0 ara d
040 _aGCL /
_cGCL
082 0 4 _a185
_bز ع
100 1 _aمحمد عاطف العراقى
245 1 0 _aالعالم فى فلسفة ابن رشد الطبيعية /
_cمحمد عاطف العراقى
700 1 _aزينب عفيفى
260 _a[S.N] :
_bمكتبة النهضة المصرية ،
_c1993
300 _a193 ص
490 _a
650 0 4 _aالفلسفة
650 0 4 _aالفلاسفة
942 _2ddc
_cBK
999 _c29816
_d29816